000 00494nam a2200181Ia 4500
001 2255
005 20260306143828.0
008 260306t2017||||xx |||||||||||||| ||spa||
041 _aESP
082 _a616.804
_bF54
100 _aFisher, Sebern F.
_eAUT
245 0 _aNeurofeedback en el tratamiento del trauma del desarrollo:
_bcalmar el cerebro impulsado por el miedo
260 _c2017
300 _a476 páginas :
_c21 cm.
650 _aGEN
654 _aCPS
942 _cLIB
_dJUS
_fJUS
_2ddc
_n
999 _c2255
_d2255